| 000 | 00765pam a2200265 a 4500 | ||
|---|---|---|---|
| 999 |
_c1724 _d1724 |
||
| 001 | 1724 | ||
| 003 | BD-JhCC | ||
| 005 | 20180101104659.0 | ||
| 008 | 851218s1986 ilu b a 000 0 eng | ||
| 020 |
_a066908039X _c$29.95 |
||
| 035 | _a(BD-JhCC)1724 | ||
| 040 |
_aDLC _cDLC _dDLC _dBD-JhCC |
||
| 041 | _aeng | ||
| 050 | 1 | 0 |
_aR724 _b.M165 1986 |
| 082 | 0 | 0 |
_a174.2 _219 _bMAK 1986 |
| 245 | 0 | 0 |
_aMaking choices : _bheath American readers / _cMilded Bailey ...[et al.] |
| 260 |
_aChicago, Ill. : _bAmerican Hospital Pub., _cc1986. |
||
| 300 |
_axii, 623 p. ; _c28 cm. |
||
| 650 | 0 | _aMedical ethics. | |
| 650 | 0 |
_aHospital care _xMoral and ethical aspects. |
|
| 650 | 0 |
_aMedicine _xDecision making. |
|
| 700 | 1 | _aBailey, Milded | |
| 942 |
_2ddc _cBK |
||